| 000 | 00345nam a2200145Ia 4500 | ||
|---|---|---|---|
| 008 | 230312s9999||||xx |||||||||||||| ||und|| | ||
| 020 | _a1-119-20746-7 | ||
| 082 |
_a005.807 _bHER-O |
||
| 100 | _aSommerville;Ian | ||
| 245 | 0 | _aSoftware Engineering | |
| 260 |
_bSYBEX _aUSA _c2016 |
||
| 300 | _a904 | ||
| 650 |
_aComputer _vComputer |
||
| 942 | _cBK | ||
| 999 |
_c15186 _d15186 |
||